Обезболивание и нарушение кровообращения при хирургических операциях : (Record no. 495569)
[ view plain ]
| 000 -LEADER | |
|---|---|
| fixed length control field | 01640nam a2200265 a 4500 |
| 001 - CONTROL NUMBER | |
| control field | 001097066 |
| 003 - CONTROL NUMBER IDENTIFIER | |
| control field | AM-YeHGA |
| 005 - DATE AND TIME OF LATEST TRANSACTION | |
| control field | 20250617162806.0 |
| 008 - FIXED-LENGTH DATA ELEMENTS--GENERAL INFORMATION | |
| fixed length control field | 150818s1958 ||||||||r|||||000|0|rus|d |
| 040 ## - CATALOGING SOURCE | |
| Original cataloging agency | AM-YeHGA |
| 041 0# - LANGUAGE CODE | |
| Language code of text/sound track or separate title | rus |
| 090 ## - LOCALLY ASSIGNED LC-TYPE CALL NUMBER (OCLC); LOCAL CALL NUMBER (RLIN) | |
| -- | 498959 |
| 245 00 - TITLE STATEMENT | |
| Title | Обезболивание и нарушение кровообращения при хирургических операциях : |
| Remainder of title | Труды пропедевтической хирургической клиники и 2-го хирургического отделения больницы / |
| Statement of responsibility, etc. | [Отв. ред.: И.В. Шмелев, Ю.С. Гилевич] ; Кубанский государственный медицинский институт им. Красной Армии. |
| 260 ## - PUBLICATION, DISTRIBUTION, ETC. | |
| Place of publication, distribution, etc. | Краснодар : |
| Name of publisher, distributor, etc. | Советская Кубань, |
| Date of publication, distribution, etc. | 1958. |
| 300 ## - PHYSICAL DESCRIPTION | |
| Extent | 236 с. : |
| Other physical details | рис., табл. ; |
| Dimensions | 20 см. |
| 650 14 - SUBJECT ADDED ENTRY--TOPICAL TERM | |
| Topical term or geographic name entry element | Хирургические операции |
| General subdivision | методы |
| 650 14 - SUBJECT ADDED ENTRY--TOPICAL TERM | |
| Topical term or geographic name entry element | Анестезия и аналгезия |
| General subdivision | методы |
| 650 14 - SUBJECT ADDED ENTRY--TOPICAL TERM | |
| Topical term or geographic name entry element | Кровообращение |
| 650 14 - SUBJECT ADDED ENTRY--TOPICAL TERM | |
| Topical term or geographic name entry element | Сердечно-сосудистая функциональная денормализация |
| 650 14 - SUBJECT ADDED ENTRY--TOPICAL TERM | |
| Topical term or geographic name entry element | Нейроплегические средства |
| General subdivision | терапевтическое применение |
| -- | прием и дозировка |
| 650 14 - SUBJECT ADDED ENTRY--TOPICAL TERM | |
| Topical term or geographic name entry element | Научные исследования |
| 700 1# - ADDED ENTRY--PERSONAL NAME | |
| Personal name | Шмелев, И.В. |
| Relator term | ред. |
| Relationship | edt |
| 700 1# - ADDED ENTRY--PERSONAL NAME | |
| Personal name | Гилевич, Ю.С. |
| Relator term | ред. |
| Relationship | edt |
| 710 2# - ADDED ENTRY--CORPORATE NAME | |
| Corporate name or jurisdiction name as entry element | Кубанский государственный медицинский институт им. Красной Армии |
| Withdrawn status | Lost status | Source of classification or shelving scheme | Damaged status | Not for loan | Collection | Home library | Current library | Date acquired | Total checkouts | Full call number | Barcode | Date last seen | Price effective from | Koha item type | Public note |
|---|---|---|---|---|---|---|---|---|---|---|---|---|---|---|---|
| Universal Decimal Classification | General | Fundamental Scientific Library | Fundamental Scientific Library | 02/07/2019 | PII/8199 | FL0592336 | 02/07/2019 | 02/07/2019 | Գրքեր / Books | 30 Days Loan |
ՀՀ Գիտությունների ազգային ակադեմիայի հիմնարար գիտական գրադարան = Fundamental Scientific Library of NAS RA
All site content, except where otherwise noted, is licensed under a